[Event "24. OSREDNJA SLOVENSKA LIGA 2023"]
[Site "gostovanja"]
[Date "2023.09.22"]
[Round "2.1"]
[White "Debevec, Blaz"]
[Black "Logar, Metod"]
[Result "0-1"]
[WhiteElo "2100"]
[BlackElo "1981"]
[PlyCount "148"]
[EventDate "2023.09.22"]
[WhiteTeam "SD DOMZALE"]
[BlackTeam "SD TOMO ZUPAN"]

1. Nf3 Nf6 2. c4 e6 3. g3 d5 4. Bg2 Be7 5. O-O O-O 6. b3 c5 7. Bb2 Nc6 8. d3 b6
9. Nbd2 Bb7 10. cxd5 Nxd5 11. Rc1 Bf6 12. Qc2 Rc8 13. Ne4 Bxb2 14. Qxb2 Qe7 15.
Rfd1 Rfd8 16. a3 h6 17. Ned2 Nd4 18. Nxd4 cxd4 19. Nb1 Nc3 20. Nxc3 Bxg2 21.
Kxg2 dxc3 22. Rxc3 Rxc3 23. Qxc3 Qxa3 24. Ra1 Qe7 25. Rc1 Qd6 26. b4 a5 27.
bxa5 Qd5+ 28. Kg1 bxa5 {(=)} 29. Ra1 Ra8 30. Ra4 Qb5 31. Qa1 Qd5 32. Rd4 Qb5
33. Rg4 g6 34. Ra4 Qd5 35. h4 h5 36. Kh2 Qc5 37. Qf6 Qf5 38. Qd4 Qb5 39. Qe4
Qd5 40. Qxd5 exd5 41. Kg2 Kf8 42. Kf3 Ke7 43. Ke3 Kd6 44. Kd4 f6 45. e3 Kc6 46.
f3 Kb5 47. Ra1 a4 48. Rb1+ Kc6 49. Rc1+ Kd6 50. Ra1 Kc6 51. Rc1+ Kd6 52. Rb1 a3
53. Ra1 a2 54. e4 {(=)} Ra4+ 55. Kc3 Ra3+ 56. Kd4 dxe4 57. Kxe4 Kc5 58. d4+ Kc4
59. g4 Kb3 60. gxh5 gxh5 61. Kf5 Kb2 62. Rxa2+ Kxa2 63. Kxf6 Rxf3+ 64. Kg5 Kb3
65. Kxh5 Kc4 66. Kg6 Rg3+ 67. Kf5 Kd5 68. Kf4 Rh3 69. Kg5 Kd6 70. h5 Ke6 71.
Kg6 Rg3+ 72. Kh7 Kf7 73. h6 Rg6 74. d5 Rd6 0-1

[Event "24. OSREDNJA SLOVENSKA LIGA 2023"]
[Site "gostovanja"]
[Date "2023.09.22"]
[Round "2.2"]
[White "Muri, Emil"]
[Black "Skok, Joze"]
[Result "0-1"]
[WhiteElo "1766"]
[BlackElo "1930"]
[PlyCount "58"]
[EventDate "2023.09.22"]
[WhiteTeam "SD TOMO ZUPAN"]
[BlackTeam "SD DOMZALE"]

1. e4 c6 2. d4 d5 3. exd5 cxd5 4. Bd3 Nc6 5. c3 Nf6 6. Bf4 e6 7. Nf3 Nh5 8. Be3
Bd6 9. Ne5 Nf6 10. Bf4 Qc7 11. Qe2 O-O 12. O-O Bd7 13. Nd2 Rfe8 14. Ndf3 g6 15.
Rfe1 Nh5 16. Bh6 Bf8 17. Qd2 Bg7 18. Bxg7 Kxg7 19. Ng4 Qf4 20. Qxf4 Nxf4 21.
Bf1 f6 22. g3 Nh5 23. Rad1 e5 24. dxe5 Bxg4 25. exf6+ Nxf6 26. Bg2 Ne5 27. Re3
Nxf3+ 28. Bxf3 Rxe3 29. fxe3 Bxf3 0-1

[Event "24. OSREDNJA SLOVENSKA LIGA 2023"]
[Site "gostovanja"]
[Date "2023.09.22"]
[Round "2.3"]
[White "Markosek, Bine"]
[Black "Smirnov, Maksim"]
[Result "1-0"]
[WhiteElo "1821"]
[BlackElo "1491"]
[PlyCount "69"]
[EventDate "2023.09.22"]
[WhiteTeam "SD DOMZALE"]
[BlackTeam "SD TOMO ZUPAN"]

1. e4 c6 2. d4 d5 3. exd5 cxd5 4. Bd3 Nc6 5. c3 Nf6 6. Bf4 e6 7. Nd2 Bd6 8.
Bxd6 Qxd6 9. Ngf3 O-O 10. O-O a6 11. Re1 b5 12. Nb3 Rb8 13. Ne5 Nd7 14. Re3 h6
15. Qh5 f5 16. Rae1 Ncxe5 17. dxe5 Qe7 18. Rg3 Kh8 19. Nd4 Qe8 20. Qd1 Nc5 21.
h4 b4 22. c4 Bb7 23. b3 Rd8 24. Qc1 Qh5 25. Ne2 Nxd3 26. Rxd3 Qxh4 27. Nf4 Kg8
28. Nxe6 f4 29. Rh3 Qg4 30. Nxd8 Rxd8 31. Qd1 Qg5 32. Qf3 Re8 33. Rh5 Qg6 34.
cxd5 Kh8 35. Rh4 1-0

[Event "24. OSREDNJA SLOVENSKA LIGA 2023"]
[Site "gostovanja"]
[Date "2023.09.22"]
[Round "2.4"]
[White "Oblak, Tija"]
[Black "Zmaucar, Miha"]
[Result "0-1"]
[WhiteElo "1105"]
[BlackElo "1817"]
[PlyCount "144"]
[EventDate "2023.09.22"]
[WhiteTeam "SD TOMO ZUPAN"]
[BlackTeam "SD DOMZALE"]

1. e4 d5 2. exd5 Nf6 3. Nf3 Nxd5 4. a3 Bg4 5. Be2 Nc6 6. h3 Bf5 7. d3 e6 8. c4
Nf6 9. Bd2 Bxd3 10. O-O Qd7 11. Ne1 Bxe2 12. Qxe2 O-O-O 13. Nf3 Bc5 14. Nc3 Qd3
15. Qxd3 Rxd3 16. Bg5 h6 17. Bf4 Rhd8 18. Rac1 Nd4 19. Nxd4 R8xd4 20. Ne2 Re4
21. Rc2 g5 22. Bh2 g4 23. hxg4 Nxg4 24. Bg3 Rxe2 25. Rxe2 Rxg3 26. Kh1 Bxf2 27.
Rfxf2 Nxf2+ 28. Rxf2 f5 29. Rd2 Rg4 30. c5 Rc4 31. b4 Rc3 32. Ra2 Kd7 33. Rd2+
Ke7 34. Ra2 e5 35. Rf2 f4 36. Re2 Ke6 37. Ra2 Kf5 38. Kg1 Kg4 39. Kf2 e4 40. b5
Rxc5 41. a4 f3 42. gxf3+ exf3 43. a5 Rh5 44. Ra4+ Kf5 45. Kxf3 Rh3+ 46. Kg2 Rb3
47. Rh4 Kg5 48. Rc4 Rxb5 49. Rxc7 a6 50. Rg7+ Kf4 51. Rf7+ Ke4 52. Re7+ Kd4 53.
Rd7+ Kc4 54. Rd1 Rxa5 55. Rc1+ Kd3 56. Rd1+ Kc2 57. Rd7 Rb5 58. Rc7+ Kb2 59.
Rh7 a5 60. Rxh6 a4 61. Rh2 a3 62. Kf3+ Ka1 63. Rh1+ Ka2 64. Rh2+ Rb2 65. Rh1
Kb3 66. Kg4 a2 67. Rh3+ Kb4 68. Kf5 Rf2+ 69. Ke6 a1=Q 70. Rh4+ Kc5 71. Rh5+ Kc6
72. Rg5 Qf6# 0-1

[Event "24. OSREDNJA SLOVENSKA LIGA 2023"]
[Site "gostovanja"]
[Date "2023.09.22"]
[Round "2.1"]
[White "Marn, Jan"]
[Black "Justin, Matjaz"]
[Result "1-0"]
[WhiteElo "2335"]
[BlackElo "2227"]
[PlyCount "67"]
[EventDate "2023.09.22"]
[WhiteTeam "SD MENGES - TRZIN"]
[BlackTeam "SD VRHNIKA"]

1. d4 Nf6 2. Nf3 e6 3. c4 b6 4. g3 Ba6 5. Nbd2 c5 6. Bg2 Bb7 7. d5 exd5 8. Nh4
Qc8 9. cxd5 Bxd5 10. e4 Be6 11. e5 Nd5 12. Nf1 Nc7 13. Ne3 g5 14. Nhf5 Nc6 15.
Nd6+ Bxd6 16. exd6 Nb5 17. Nd5 h6 18. O-O Nxd6 19. f4 g4 20. f5 Nxf5 21. Qxg4
Nce7 22. Nxe7 Nxe7 23. Qg7 Rg8 24. Qxh6 d5 25. a4 a5 26. Bg5 Qd7 27. Qh4 Kd8
28. Rae1 Re8 29. Re5 Ra7 30. Rfe1 Qd6 31. Bh3 Bxh3 32. Qxh3 Rd7 33. Qf5 Qg6 34.
Qf4 1-0

[Event "24. OSREDNJA SLOVENSKA LIGA 2023"]
[Site "gostovanja"]
[Date "2023.09.22"]
[Round "2.3"]
[White "Sedlar, Tomo"]
[Black "Siraj, Svit"]
[Result "0-1"]
[WhiteElo "1783"]
[BlackElo "1914"]
[PlyCount "60"]
[EventDate "2023.09.22"]
[WhiteTeam "SD MENGES - TRZIN"]
[BlackTeam "SD VRHNIKA"]

1. d4 Nf6 2. c4 e6 3. Nc3 Bb4 4. Qb3 Nc6 5. Nf3 a5 6. Bd2 b6 7. e3 Ba6 8. a4
O-O 9. Be2 Bxc3 10. Bxc3 Ne4 11. O-O d5 12. Rac1 Nd6 13. Nd2 Qh4 14. Rfe1 dxc4
15. Bxc4 Nxc4 16. Nxc4 Bxc4 17. Qxc4 Ne5 18. Qe2 Nd7 19. Qb5 Nf6 20. Re2 Rad8
21. Be1 Ne8 22. f3 Qh6 23. Bg3 Rxd4 24. Bf4 Rxf4 25. exf4 Qxf4 26. Qc6 Qd4+ 27.
Kh1 h6 28. h3 Nd6 29. Rcc2 Nf5 30. Red2 Ng3+ 0-1

[Event "24. OSREDNJA SLOVENSKA LIGA 2023"]
[Site "gostovanja"]
[Date "2023.09.22"]
[Round "2.4"]
[White "Vodnik, Val"]
[Black "Simicak, Metod"]
[Result "1-0"]
[WhiteElo "1556"]
[BlackElo "1741"]
[PlyCount "103"]
[EventDate "2023.09.22"]
[WhiteTeam "SD VRHNIKA"]
[BlackTeam "SD MENGES - TRZIN"]

1. d4 d5 2. c4 dxc4 3. e3 e5 4. Bxc4 exd4 5. exd4 Bb4+ 6. Nc3 c5 7. Qe2+ Qe7 8.
dxc5 Bxc3+ 9. bxc3 Nc6 10. Bg5 Qxe2+ 11. Nxe2 Nge7 12. Bb5 Bd7 13. Rb1 f6 14.
Bf4 O-O-O 15. O-O Bg4 16. Bd6 Bxe2 17. Bxe2 g6 18. Bf3 Rd7 19. Rfe1 Rhd8 20. g4
Rxd6 21. cxd6 Rxd6 22. Bxc6 Nxc6 23. Rbd1 Kd7 24. f4 b5 25. Kf2 Ne7 26. Rxd6+
Kxd6 27. a4 a6 28. axb5 axb5 29. c4 bxc4 30. Re4 c3 31. Rc4 Nd5 32. Kf3 h5 33.
gxh5 gxh5 34. Ke4 f5+ 35. Kf3 h4 36. Ke2 Ke6 37. Kd3 c2 38. Kd2 Kd6 39. Ra4 Ne3
40. Ra1 Ng2 41. Kxc2 Nxf4 42. Re1 Kd5 43. Kd2 Kd4 44. Re8 h3 45. Re7 Nd5 46.
Re6 Nf4 47. Re8 Nd5 48. Ke2 f4 49. Kf3 Ne3 50. Kxf4 Nf1 51. Re1 Nd2 52. Re3 1-0

[Event "24. OSREDNJA SLOVENSKA LIGA 2023"]
[Site "gostovanja"]
[Date "2023.09.22"]
[Round "2.1"]
[White "Lah, Emil"]
[Black "Gantar, Jan"]
[Result "1/2-1/2"]
[WhiteElo "1937"]
[BlackElo "2223"]
[PlyCount "40"]
[EventDate "2023.09.22"]
[WhiteTeam "SK TRZIN BUSCOTRADE"]
[BlackTeam "SK KOMENDA POPOTNIK"]

1. e4 Nf6 2. e5 Nd5 3. d4 d6 4. c4 Nb6 5. exd6 cxd6 6. Nf3 Bg4 7. Be2 g6 8. Be3
Bg7 9. Nbd2 O-O 10. O-O Nc6 11. h3 Bxf3 12. Nxf3 d5 13. c5 Nc8 14. Qd2 Re8 15.
Rfd1 e6 16. Bb5 a6 17. Bxc6 bxc6 18. Ne5 Ne7 19. Bf4 Rb8 20. Rab1 Qc7 1/2-1/2

[Event "24. OSREDNJA SLOVENSKA LIGA 2023"]
[Site "gostovanja"]
[Date "2023.09.22"]
[Round "2.2"]
[White "Zidar, Jernej"]
[Black "Krupenko, Peter"]
[Result "1-0"]
[WhiteElo "1976"]
[BlackElo "2015"]
[PlyCount "59"]
[EventDate "2023.09.22"]
[WhiteTeam "SK KOMENDA POPOTNIK"]
[BlackTeam "SK TRZIN BUSCOTRADE"]

1. d4 d5 2. Nf3 Nf6 3. g3 g6 4. Bg2 Bg7 5. O-O O-O 6. c4 c6 7. Nc3 b6 8. Ne5
Bb7 9. Qa4 dxc4 10. Qxc4 e6 11. Rd1 Nd5 12. Bd2 Ba6 13. Qb3 Bb7 14. Rac1 Nd7
15. e4 Nxc3 16. Bxc3 Nxe5 17. dxe5 Qe7 18. Rd6 Rfd8 19. Rcd1 Qc7 20. Qc4 Bf8
21. R6d3 Rxd3 22. Qxd3 Be7 23. Qd7 Rc8 24. Bh3 Kf8 25. f4 c5 26. f5 Qxd7 27.
Rxd7 Bxe4 28. fxe6 fxe6 29. Bxe6 a5 30. Rxe7 1-0

[Event "24. OSREDNJA SLOVENSKA LIGA 2023"]
[Site "gostovanja"]
[Date "2023.09.22"]
[Round "2.3"]
[White "Raspor, Gregor"]
[Black "Ogradi, Gregor"]
[Result "1-0"]
[WhiteElo "2007"]
[BlackElo "1958"]
[PlyCount "123"]
[EventDate "2023.09.22"]
[WhiteTeam "SK TRZIN BUSCOTRADE"]
[BlackTeam "SK KOMENDA POPOTNIK"]

1. d4 d6 2. Nf3 Nf6 3. c4 g6 4. Nc3 Bg7 5. g3 O-O 6. Bg2 c6 7. e4 Qa5 8. O-O e5
9. h3 Nbd7 10. Re1 exd4 11. Nxd4 Ne5 12. Bf1 Qb6 13. Nc2 Be6 14. b3 Nfd7 15.
Be3 Qa5 16. Bd2 Nxc4 17. Bxc4 Bxc3 18. b4 Qe5 19. f4 Bd4+ 20. Kh2 Qg7 21. Bxe6
fxe6 22. Nxd4 Qxd4 23. Be3 Qxd1 24. Raxd1 d5 25. Bd4 a5 26. a3 axb4 27. axb4
Kf7 28. Ra1 Rfd8 29. Kg2 b6 30. Rac1 Rdc8 31. Rc2 Rc7 32. exd5 exd5 33. Rce2
Nf6 34. Bxb6 Rb7 35. Bd4 Ne4 36. Rb2 Ra3 37. g4 Rg3+ 38. Kh2 Rd3 39. Be5 c5 40.
Reb1 c4 41. b5 Rd2+ 42. Kg1 d4 43. Rb4 c3 44. Rxd4 c2 45. Rc1 Rd7 46. Rxd7+
Rxd7 47. Kg2 Rd2+ 48. Kf3 Nc5 49. Ke3 Rd3+ 50. Ke2 Rb3 51. Rxc2 Rxb5 52. Ra2
Rb7 53. Ra8 Nd7 54. Rh8 Nf8 55. Bd6 Rb2+ 56. Kf3 Rb3+ 57. Ke4 Nd7 58. Rxh7+ Ke8
59. Be5 Rb4+ 60. Kd5 Rb5+ 61. Kd6 Rb6+ 62. Kc7 1-0

[Event "24. OSREDNJA SLOVENSKA LIGA 2023"]
[Site "gostovanja"]
[Date "2023.09.22"]
[Round "2.4"]
[White "Cimperman, Teo"]
[Black "Borstnik, Ales"]
[Result "1-0"]
[WhiteElo "1640"]
[BlackElo "1799"]
[PlyCount "121"]
[EventDate "2023.09.22"]
[WhiteTeam "SK KOMENDA POPOTNIK"]
[BlackTeam "SK TRZIN BUSCOTRADE"]

1. e4 c5 2. Nf3 d6 3. d4 cxd4 4. Nxd4 Nf6 5. Nc3 a6 6. Be3 e5 7. Nb3 Be6 8. f3
Be7 9. Be2 O-O 10. Qd2 Qc7 11. g4 b5 12. h4 Nc6 13. h5 Bxb3 14. axb3 b4 15. Na4
Nd4 16. Bxd4 exd4 17. g5 Nd7 18. f4 Qc6 19. Bd3 f5 20. Bc4+ Kh8 21. Bd5 Qc8 22.
h6 d3 23. Qxd3 Bxg5 24. fxg5 Ne5 25. hxg7+ Kxg7 26. Rxh7+ Kg6 27. Qh3 fxe4 28.
Qh5+ Kf5 29. g6+ Kf4 30. Qh2+ Ke3 31. Qd2+ Kf3 32. Qf2+ Kg4 33. Rh4+ Kg5 34.
Qg3+ Kf6 35. Qf4+ Qf5 36. Qxf5+ Kxf5 37. Bxe4+ Kg5 38. Bxa8 Kxh4 39. Bd5 Nxg6
40. O-O-O Nf4 41. Bb7 a5 42. Rxd6 Ne2+ 43. Kd2 Ng3 44. Rd4+ Kg5 45. Rd5+ Kf4
46. Rxa5 Rf7 47. Bd5 Re7 48. Kd3 Re3+ 49. Kc4 Re2 50. Kxb4 Rxc2 51. Rc5 Rd2 52.
Ka5 Ke5 53. Bc4+ Kd6 54. Rc8 Kd7 55. Rg8 Ne4 56. b4 Nd6 57. Nc5+ Kc6 58. b3
Nb7+ 59. Ka6 Ra2+ 60. Na4 Rxa4+ 61. bxa4 1-0

[Event "24. OSREDNJA SLOVENSKA LIGA 2023"]
[Site "gostovanja"]
[Date "2023.09.22"]
[Round "2.1"]
[White "Skok, Boris"]
[Black "Grabljevec, Stane"]
[Result "1/2-1/2"]
[WhiteElo "1938"]
[BlackElo "1785"]
[PlyCount "81"]
[EventDate "2023.09.22"]
[WhiteTeam "SD CRNI GRABEN"]
[BlackTeam "SD MEDVODE"]

1. d4 Nf6 2. c4 g6 3. Nc3 Bg7 4. e4 O-O 5. Nf3 d6 6. h3 e5 7. d5 a5 8. g4 c6 9.
Be3 Nxe4 10. Nxe4 f5 11. gxf5 gxf5 12. Nc3 f4 13. Bc1 e4 14. Nxe4 Re8 15. Bd3
Bf5 16. Nfd2 cxd5 17. cxd5 Nd7 18. Kf1 Qh4 19. Nf3 Bxh3+ 20. Ke1 Qg4 21. Nfg5
Qxg5 22. Rxh3 Nc5 23. Rg3 Qe5 24. Rxg7+ Qxg7 25. f3 Qg1+ 26. Kd2 Qxd1+ 27. Kxd1
Nxd3 28. Nf6+ Kf7 29. Nxe8 Rxe8 30. Bd2 Nxb2+ 31. Kc2 Nc4 32. Bxf4 Ne3+ 33. Kd3
Nxd5 34. Bxd6 Rd8 35. Be5 Ke6 36. Ke4 b5 37. Rh1 Nf6+ 38. Bxf6 Kxf6 39. Rxh7
Rd2 40. Rh5 Rxa2 41. Rxb5 1/2-1/2

[Event "24. OSREDNJA SLOVENSKA LIGA 2023"]
[Site "gostovanja"]
[Date "2023.09.22"]
[Round "2.2"]
[White "Jese, Janez"]
[Black "Hribar, Janez"]
[Result "0-1"]
[WhiteElo "1718"]
[BlackElo "1888"]
[PlyCount "74"]
[EventDate "2023.09.22"]
[WhiteTeam "SD MEDVODE"]
[BlackTeam "SD CRNI GRABEN"]

1. e4 Nf6 2. e5 Nd5 3. c4 Nb6 4. d4 d6 5. f4 dxe5 6. fxe5 Nc6 7. Be3 Bf5 8. a3
a5 9. Nf3 e6 10. Nc3 Bg4 11. b3 Be7 12. Be2 Bxf3 13. Bxf3 Qd7 14. O-O O-O 15.
Be4 g6 16. Nb5 a4 17. Bh6 Rfd8 18. Qf3 Bf8 19. Be3 axb3 20. c5 Nc4 21. Bg5 Nxd4
22. Nxd4 Qxd4+ 23. Kh1 Nxe5 24. Qe2 Rdb8 25. Bf6 Qc4 26. Qe1 Bg7 27. Bxg7 Kxg7
28. Bxb7 Rxb7 29. Qxe5+ Kg8 30. Qf6 Rf8 31. Rac1 Qe2 32. Rce1 Qd3 33. Rd1 Qb5
34. c6 Rbb8 35. Rd7 b2 36. Rb1 Qxc6 37. Rd2 Qc1+ 0-1

[Event "24. OSREDNJA SLOVENSKA LIGA 2023"]
[Site "gostovanja"]
[Date "2023.09.22"]
[Round "2.3"]
[White "Osolin, Bogdan"]
[Black "Arcon, Roman"]
[Result "1-0"]
[WhiteElo "1965"]
[BlackElo "1548"]
[PlyCount "43"]
[EventDate "2023.09.22"]
[WhiteTeam "SD CRNI GRABEN"]
[BlackTeam "SD MEDVODE"]

1. e4 e5 2. Nf3 Qe7 3. Nc3 Nf6 4. Bc4 h6 5. O-O d6 6. h3 Be6 7. b3 Nbd7 8. Ba3
Nb6 9. Nxe5 O-O-O 10. Qf3 g5 11. Bxe6+ fxe6 12. Ng6 Qg7 13. Nxh8 Qxh8 14. Nb5
Kb8 15. Bb2 Bg7 16. Nd4 Re8 17. a4 h5 18. a5 Nbd7 19. a6 g4 20. Qe2 gxh3 21.
axb7 Kxb7 22. Qa6+ 1-0

[Event "24. OSREDNJA SLOVENSKA LIGA 2023"]
[Site "gostovanja"]
[Date "2023.09.22"]
[Round "2.4"]
[White "Malensek, Luka"]
[Black "Majcen, Zoran"]
[Result "0-1"]
[WhiteElo "1486"]
[BlackElo "1800"]
[PlyCount "128"]
[EventDate "2023.09.22"]
[WhiteTeam "SD MEDVODE"]
[BlackTeam "SD CRNI GRABEN"]

1. e4 e6 2. Nc3 d5 3. exd5 exd5 4. d4 c6 5. a4 Bd6 6. Bd3 Ne7 7. h3 Bf5 8. Nf3
O-O 9. O-O Qc8 10. Bxf5 Qxf5 11. Nh4 Qf6 12. g3 Re8 13. Re1 Na6 14. Ne2 Nc7 15.
Qd3 Ne6 16. c3 Ng5 17. Bxg5 Qxg5 18. f4 Qh5 19. Qf3 Qxf3 20. Nxf3 Nf5 21. Kf2
Ne3 22. Rac1 f6 23. Neg1 Nc4 24. Rc2 Kf7 25. h4 Rab8 26. h5 b5 27. axb5 Rxb5
28. b4 a5 29. bxa5 Rxa5 30. Rce2 Rxe2+ 31. Rxe2 Ra1 32. Re1 Ra3 33. Ne2 Ra2 34.
Rb1 Rb2 35. Ra1 Na3 36. Nh4 Nb5 37. Ke3 Ba3 38. Kd3 g6 39. hxg6+ hxg6 40. Nf3
Ke6 41. g4 c5 42. dxc5 Bxc5 43. Ra6+ Nd6 44. Nfd4+ Kd7 45. f5 gxf5 46. gxf5 Nc4
47. Nf3 Ne5+ 48. Nxe5+ fxe5 49. c4 e4+ 50. Kc3 Rxe2 51. cxd5 Rf2 52. f6 Rf3+
53. Kd2 Rd3+ 54. Ke2 Rxd5 55. Ra4 e3 56. Rf4 Rd2+ 57. Ke1 Rf2 58. Rc4 Kc6 59.
Rc3 Rxf6 60. Rc2 Kd5 61. Rh2 Kc4 62. Rc2+ Kd4 63. Ra2 Kd3 64. Ra4 Bd4 0-1

[Event "24. OSREDNJA SLOVENSKA LIGA 2023"]
[Site "gostovanja"]
[Date "2023.09.22"]
[Round "2.1"]
[White "Peric, Bernard"]
[Black "Keber, Aljosa"]
[Result "0-1"]
[WhiteElo "2160"]
[BlackElo "1861"]
[PlyCount "100"]
[EventDate "2023.09.22"]
[WhiteTeam "SK VISNJA GORA - STICNA"]
[BlackTeam "SK KOMENDA POGI"]

1. Nf3 d5 2. e3 Nf6 3. b3 e6 4. Bb2 Be7 5. Be2 O-O 6. O-O b6 7. c4 Bb7 8. d4
dxc4 9. bxc4 c5 10. Ne5 cxd4 11. exd4 Nfd7 12. f4 Nxe5 13. fxe5 Nc6 14. Bf3 Qc7
15. Qe2 Rad8 16. Rd1 Nxd4 17. Bxd4 Rxd4 18. Bxb7 Bc5 19. Kh1 Qxe5 20. Nc3 Rxd1+
21. Rxd1 Qxc3 22. Be4 Qe3 23. Qc2 g6 24. Bf3 Be7 25. Qa4 Rd8 26. Rf1 a5 27. Qc6
Qc5 28. Qe4 Rd4 29. Qa8+ Kg7 30. Be2 Qe5 31. Qf3 f5 32. Qb7 Qd6 33. h3 Rd2 34.
Bf3 Rxa2 35. Rd1 Qc5 36. Qd7 Kf7 37. Bc6 h5 38. Qe8+ Kg7 39. Qd7 Re2 40. Bf3
Re3 41. Qe8 Kf6 42. h4 Kg7 43. Qd7 a4 44. Qxa4 Qe5 45. Qd7 Re1+ 46. Rxe1 Qxe1+
47. Kh2 Qxh4+ 48. Kg1 Qe1+ 49. Kh2 Qe5+ 50. Kg1 Qd6 0-1

[Event "24. OSREDNJA SLOVENSKA LIGA 2023"]
[Site "gostovanja"]
[Date "2023.09.22"]
[Round "2.2"]
[White "Babarovic, Fran"]
[Black "Medvesek, Janez"]
[Result "0-1"]
[WhiteElo "1653"]
[BlackElo "1836"]
[PlyCount "100"]
[EventDate "2023.09.22"]
[WhiteTeam "SK KOMENDA POGI"]
[BlackTeam "SK VISNJA GORA - STICNA"]

1. e4 e6 2. d4 c5 3. Nf3 cxd4 4. Nxd4 Nf6 5. Nc3 Bb4 6. Bd2 Nc6 7. Nxc6 dxc6 8.
a3 Bd6 9. Bg5 e5 10. Qd3 Be7 11. Qg3 Qc7 12. Bc4 h6 13. Be3 Nh5 14. Qf3 Nf6 15.
h3 b5 16. Be2 Be6 17. Qg3 O-O-O 18. f3 Kb7 19. O-O g5 20. Qf2 a6 21. b4 Nh5 22.
a4 Ra8 23. axb5 axb5 24. Bxb5 Bxb4 25. Rfb1 Rxa1 26. Rxa1 Ra8 27. Rxa8 Kxa8 28.
Bb6 Qd7 29. Qe1 cxb5 30. Qa1+ Kb7 31. Nxb5 Bc5+ 32. Bxc5 Qxb5 33. Qa7+ Kc8 34.
Bd6 Qc6 35. Qb8+ Kd7 36. Ba3 Nf4 37. Qf8 Qxc2 38. Qe7+ Kc6 39. Qd6+ Kb5 40.
Qb4+ Ka6 41. Qd6+ Kb7 42. Qb4+ Ka8 43. Qa5+ Kb8 44. Qb6+ Kc8 45. Qa6+ Kd8 46.
Qd6+ Bd7 47. Qe7+ Kc8 48. Qf8+ Kb7 49. Qb4+ Ka6 50. Qd6+ Bc6 0-1

[Event "24. OSREDNJA SLOVENSKA LIGA 2023"]
[Site "gostovanja"]
[Date "2023.09.22"]
[Round "2.3"]
[White "Kirasic, Branko"]
[Black "Macek, Inti"]
[Result "1/2-1/2"]
[WhiteElo "1875"]
[BlackElo "1472"]
[PlyCount "63"]
[EventDate "2023.09.22"]
[WhiteTeam "SK VISNJA GORA - STICNA"]
[BlackTeam "SK KOMENDA POGI"]

1. e4 e5 2. Nf3 Nc6 3. Bb5 a6 4. Ba4 Nf6 5. O-O d6 6. Re1 Be7 7. h3 O-O 8. c3
b5 9. Bb3 Bb7 10. d4 h6 11. Nbd2 Nh7 12. Nf1 Ng5 13. d5 Nb8 14. Ng3 Nd7 15. Nf5
Nxf3+ 16. Qxf3 Bg5 17. h4 Bxc1 18. Raxc1 Kh7 19. Qe3 Nc5 20. Bc2 Bc8 21. f4 g6
22. Ng3 Qf6 23. Rf1 Bg4 24. fxe5 Qxe5 25. Qf4 Qxf4 26. Rxf4 h5 27. Rcf1 Kg7 28.
b3 Nd7 29. Nh1 Ne5 30. Nf2 Rae8 31. Bd1 Bxd1 32. Rxd1 1/2-1/2

[Event "24. OSREDNJA SLOVENSKA LIGA 2023"]
[Site "gostovanja"]
[Date "2023.09.22"]
[Round "2.4"]
[White "Zagar, Katarina"]
[Black "Jancigaj, Saso Valentin"]
[Result "0-1"]
[WhiteElo "1149"]
[BlackElo "1673"]
[PlyCount "60"]
[EventDate "2023.09.22"]
[WhiteTeam "SK KOMENDA POGI"]
[BlackTeam "SK VISNJA GORA - STICNA"]

1. d4 f5 2. c4 Nf6 3. Nc3 e6 4. a3 d5 5. cxd5 exd5 6. Nf3 c6 7. e3 Bd6 8. Bd3
O-O 9. O-O Qe7 10. b4 Ne4 11. Bb2 Rf6 12. Re1 Rh6 13. h3 Nd7 14. Kf1 Ndf6 15.
Nd2 Bd7 16. Qc2 Rf8 17. Re2 Ng4 18. Ke1 Ngxf2 19. Bxe4 Nxe4 20. Ndxe4 fxe4 21.
Kd2 Qh4 22. Rd1 Rhf6 23. Kc1 Qg3 24. Qb3 Kh8 25. Rdd2 Be8 26. Rc2 Bh5 27. Red2
Rf1+ 28. Nd1 Bxd1 29. Rxd1 Rxd1+ 30. Kxd1 Rf1+ 0-1

[Event "24. OSREDNJA SLOVENSKA LIGA 2023"]
[Site "gostovanja"]
[Date "2023.09.22"]
[Round "2.1"]
[White "Marinko, Peter"]
[Black "Lanjscek, Miha"]
[Result "1-0"]
[WhiteElo "2020"]
[BlackElo "1785"]
[PlyCount "91"]
[EventDate "2023.09.22"]
[WhiteTeam "SK LJUBLJANA"]
[BlackTeam "SK TRZIN PEKOS PUB"]

1. d4 Nf6 2. Bg5 Ne4 3. h4 g6 4. Nd2 Nxg5 5. hxg5 Bg7 6. Ngf3 d5 7. e3 c5 8. c3
Qb6 9. Qb3 Qxb3 10. Nxb3 cxd4 11. cxd4 O-O 12. Bd3 Nc6 13. Rc1 e5 14. Bb5 Nb4
15. a3 a6 16. axb4 axb5 17. Nxe5 Ra2 18. O-O Bxe5 19. dxe5 Rxb2 20. Rb1 Rxb1
21. Rxb1 Bf5 22. Rc1 Rc8 23. Rxc8+ Bxc8 24. Kf1 h6 25. gxh6 Kh7 26. Ke2 Kxh6
27. Kd3 Kg5 28. Kd4 Be6 29. Nc5 b6 30. Na6 Kf5 31. Nc7 g5 32. Nxb5 Bd7 33. Nc7
f6 34. exf6 Kxf6 35. Nxd5+ Kf5 36. Nxb6 Bc6 37. Nd5 Ke6 38. e4 Bb7 39. f3 Ba6
40. b5 Bb7 41. g3 Kd6 42. f4 g4 43. Ne3 Bc8 44. f5 Bd7 45. e5+ Ke7 46. Kc5 1-0

[Event "24. OSREDNJA SLOVENSKA LIGA 2023"]
[Site "gostovanja"]
[Date "2023.09.22"]
[Round "2.2"]
[White "Konvalinka, Kostja"]
[Black "Juvan, Vid"]
[Result "1-0"]
[WhiteElo "1726"]
[BlackElo "1527"]
[PlyCount "75"]
[EventDate "2023.09.22"]
[WhiteTeam "SK TRZIN PEKOS PUB"]
[BlackTeam "SK LJUBLJANA"]

1. e4 c6 2. d4 d5 3. Nc3 dxe4 4. Nxe4 Nf6 5. Nxf6+ exf6 6. Nf3 Bd6 7. Bd3 O-O
8. O-O Re8 9. h3 Nd7 10. Re1 Nf8 11. Rxe8 Qxe8 12. c3 Be6 13. Qe2 Qd7 14. Bd2
Bc7 15. b3 Bd5 16. Re1 Ne6 17. Bf5 Qd6 18. Be4 Rc8 19. Qd3 Bxe4 20. Qxe4 Qd5
21. Qxd5 cxd5 22. Nh4 g6 23. Nf3 b5 24. a3 Bd6 25. Ra1 Rc6 26. g3 Ra6 27. a4
Bc7 28. Ne1 Nd8 29. Nd3 Bd6 30. Re1 Ne6 31. axb5 Ra2 32. Be3 Ra3 33. Rb1 Nc7
34. Nc5 Nxb5 35. c4 Nc3 36. Rb2 Nd1 37. Re2 Bxc5 38. Bh6 1-0

[Event "24. OSREDNJA SLOVENSKA LIGA 2023"]
[Site "gostovanja"]
[Date "2023.09.22"]
[Round "2.3"]
[White "Belyaletdinov, Leonard"]
[Black "Azinovic, Igor"]
[Result "1/2-1/2"]
[WhiteElo "1546"]
[BlackElo "1702"]
[PlyCount "93"]
[EventDate "2023.09.22"]
[WhiteTeam "SK LJUBLJANA"]
[BlackTeam "SK TRZIN PEKOS PUB"]

1. d4 d5 2. Nf3 c5 3. c3 Nc6 4. Bg5 f6 5. Bf4 Bf5 6. e3 h5 7. Bd3 Be4 8. Qc2 g5
9. Bxg5 fxg5 10. Bxe4 dxe4 11. Qxe4 Qd6 12. dxc5 Qf6 13. Na3 O-O-O 14. O-O e5
15. b4 g4 16. Ne1 Qe6 17. b5 Nf6 18. Qa4 Bxc5 19. bxc6 Qxc6 20. Qxc6+ bxc6 21.
Nc4 e4 22. Ne5 Rd2 23. Nxc6 Kc7 24. Nd4 Bxd4 25. cxd4 Rb8 26. Rc1+ Kd7 27. Nc2
Rb2 28. Na3 Rxa2 29. Nc4 Re2 30. Ne5+ Ke6 31. Ng6 Nd5 32. Rc5 Red2 33. Rc6+ Kd7
34. Ne5+ Ke8 35. Nc4 Rdc2 36. g3 Ke7 37. Rc5 Nb6 38. Re5+ Kf6 39. Nd6 Nc4 40.
Nxc4 Rxc4 41. Rxe4 a5 42. Rb1 Rcc2 43. Rb6+ Kf7 44. Rf4+ Ke7 45. d5 Rc1+ 46.
Kg2 Raa1 47. Re6+ 1/2-1/2

[Event "24. OSREDNJA SLOVENSKA LIGA 2023"]
[Site "gostovanja"]
[Date "2023.09.22"]
[Round "2.4"]
[White "Offermann, Sebastian"]
[Black "Tomazin Kosoro, Tadej"]
[Result "0-1"]
[WhiteElo "1000"]
[BlackElo "1000"]
[PlyCount "90"]
[EventDate "2023.09.22"]
[WhiteTeam "SK TRZIN PEKOS PUB"]
[BlackTeam "SK LJUBLJANA"]

1. d4 d5 2. c4 dxc4 3. Nc3 a6 4. a4 Nc6 5. Nf3 Bg4 6. e3 Na5 7. Be2 Bxf3 8.
Bxf3 Nf6 9. d5 e6 10. O-O Bb4 11. dxe6 Qxd1 12. exf7+ Kxf7 13. Rxd1 Bxc3 14.
bxc3 Rhd8 15. Ba3 Rab8 16. Kf1 b6 17. Ke2 Rd7 18. Rxd7+ Nxd7 19. Rd1 Ne5 20.
Be4 Re8 21. Bc2 c5 22. h3 h6 23. f4 Nec6 24. g4 Nd8 25. Rd6 Ndc6 26. h4 Rd8 27.
Rg6 Nb3 28. Be4 Rd2+ 29. Ke1 Ne7 30. Bc1 Nxc1 31. Kxd2 Nb3+ 32. Kc2 Nxg6 33.
Bd5+ Ke7 34. Bxc4 Na5 35. Bxa6 Nxh4 36. Kd3 g6 37. Ke4 h5 38. Bc8 Nc4 39. Ba6
Nd6+ 40. Kd3 hxg4 41. Ke2 g3 42. Kf1 g2+ 43. Kg1 c4 44. e4 Nxe4 45. Bxc4 Nxc3
0-1